Szpaku - Różowa Pantera - Statystyki

Ogólne statystyki
  • Ten quiz został rozwiązany 195 razy
  • Średni wynik to 9 z 12
Statystyki odpowiedzi
Numer Gość Piosenka % Poprawnych
1 Różowa Pantera
93%
6 Dziarma Wino
91%
7 Zdechły Osa Zły
89%
5 Chivas Potwór
85%
10 Kizo, Młodzian Mrg, Rolex Biały Miś
80%
3 Hałas
77%
2 Młody 2Pac
77%
11 Kadobe Fanlove
70%
8 NPC
67%
4 Bal
65%
12 #Hot16Challenge2
56%
9 Ośmiogwiazdkowy S*urwiel
46%
Nie znaleziono quizów pasujących do podanych kryteriów
Rozkład punktacji
Procent ludzi z każdym wynikiem
Percentyl według liczby udzielonych odpowiedzi
Twoja historia wyników
Nie rozwiązałeś tego quizu